<?xml version="1.0" encoding="UTF-8"?>
<record
    xmlns:xsi="http://www.w3.org/2001/XMLSchema-instance"
    xsi:schemaLocation="http://www.loc.gov/MARC21/slim http://www.loc.gov/standards/marcxml/schema/MARC21slim.xsd"
    xmlns="http://www.loc.gov/MARC21/slim">

  <leader>01655nam a22002777a 4500</leader>
  <datafield tag="999" ind1=" " ind2=" ">
    <subfield code="c">21771</subfield>
    <subfield code="d">21771</subfield>
  </datafield>
  <controlfield tag="003">AR-CdUCM</controlfield>
  <controlfield tag="008">190425b           ||||| |||| 00| 0 spa d</controlfield>
  <datafield tag="040" ind1=" " ind2=" ">
    <subfield code="a">MUNICIPALIDAD PROVINCIAL DEL CUSCO</subfield>
    <subfield code="c">BIBLIOTECA MUNICIPAL DEL CUSCO</subfield>
  </datafield>
  <datafield tag="082" ind1=" " ind2=" ">
    <subfield code="a">Rev.Univ/N&#xB0;117/1959</subfield>
  </datafield>
  <datafield tag="110" ind1=" " ind2=" ">
    <subfield code="a">Universidad Nacional de San Antonio Abad del Cusco</subfield>
    <subfield code="9">15942</subfield>
  </datafield>
  <datafield tag="245" ind1=" " ind2=" ">
    <subfield code="a">Revista Universitaria :</subfield>
    <subfield code="b">&#xD3;rgano de la Universidad del Cuzco /</subfield>
  </datafield>
  <datafield tag="260" ind1=" " ind2=" ">
    <subfield code="a">Cusco :</subfield>
    <subfield code="b"> H.G. Rozas,</subfield>
    <subfield code="c">1959.</subfield>
  </datafield>
  <datafield tag="300" ind1=" " ind2=" ">
    <subfield code="a">427 p&#xE1;ginas. :</subfield>
    <subfield code="c">20 cm.</subfield>
  </datafield>
  <datafield tag="440" ind1=" " ind2=" ">
    <subfield code="a">Revista Universitaria</subfield>
    <subfield code="n">A&#xF1;o XLVIII, 2&#xB0; semestre 1959, N&#xB0;117.</subfield>
    <subfield code="9">46027</subfield>
  </datafield>
  <datafield tag="505" ind1=" " ind2=" ">
    <subfield code="a">Contenido: Descubramos nuestra Am&#xE9;rica. Alfredo Y&#xE9;pez Miranda. -- Documentos sobre Manuel y Dionisio Inca Yupanqui. Daniel Valc&#xE1;rcel. -- Auca Tusuy o la danza guerrera. Policarpo Caballero. -- Notas para la determinaci&#xF3;n de formas. Basilides Antenor Calero. -- Experimentaci&#xF3;n agr&#xED;cola en papas. Gustavo N&#xFA;&#xF1;ez del Prado Tio. -- La tasaci&#xF3;n de bienes para el efecto de la imposici&#xF3;n del impuesto a las sucesiones. Gustavo Palacio Pimentel. -- Un ensayo de econom&#xED;a en La Convenci&#xF3;n. Isaac Tupayachi. -- Notas sobre los micromam&#xED;feros del Per&#xFA;. Ismael Ceballos Bendez&#xFA;. -- El problema de minoridad antisocial y delincuente.</subfield>
  </datafield>
  <datafield tag="650" ind1=" " ind2=" ">
    <subfield code="a">Econom&#xED;a campesina</subfield>
    <subfield code="9">2215</subfield>
  </datafield>
  <datafield tag="650" ind1=" " ind2=" ">
    <subfield code="a">Folklore cusque&#xF1;o</subfield>
    <subfield code="9">8693</subfield>
  </datafield>
  <datafield tag="650" ind1=" " ind2=" ">
    <subfield code="a">Frontera agr&#xED;cola</subfield>
    <subfield code="9">46028</subfield>
  </datafield>
  <datafield tag="700" ind1=" " ind2=" ">
    <subfield code="a">Y&#xE9;pez Miranda, Alfredo</subfield>
    <subfield code="9">4230</subfield>
  </datafield>
  <datafield tag="700" ind1=" " ind2=" ">
    <subfield code="a">Valc&#xE1;rcel, Daniel</subfield>
    <subfield code="9">1727</subfield>
  </datafield>
  <datafield tag="700" ind1=" " ind2=" ">
    <subfield code="a">N&#xFA;&#xF1;ez del Prado, Gustavo</subfield>
    <subfield code="9">24114</subfield>
  </datafield>
  <datafield tag="700" ind1=" " ind2=" ">
    <subfield code="a">Ceballos Bendez&#xFA;, Ismael</subfield>
    <subfield code="9">46029</subfield>
  </datafield>
  <datafield tag="710" ind1=" " ind2=" ">
    <subfield code="a">Universidad Nacional de San Antonio Abad del Cusco</subfield>
    <subfield code="9">15942</subfield>
  </datafield>
  <datafield tag="942" ind1=" " ind2=" ">
    <subfield code="2">ddc</subfield>
    <subfield code="c">PP</subfield>
  </datafield>
  <datafield tag="945" ind1=" " ind2=" ">
    <subfield code="a">rac</subfield>
  </datafield>
  <datafield tag="952" ind1=" " ind2=" ">
    <subfield code="0">0</subfield>
    <subfield code="2">ddc</subfield>
    <subfield code="4">0</subfield>
    <subfield code="7">0</subfield>
    <subfield code="a">HEM</subfield>
    <subfield code="b">HEM</subfield>
    <subfield code="c">CART</subfield>
    <subfield code="d">2021-07-14</subfield>
    <subfield code="g">10.00</subfield>
    <subfield code="o">Rev.Univ/N&#xB0;117/1959</subfield>
    <subfield code="p">REVC000175</subfield>
    <subfield code="r">2021-07-14</subfield>
    <subfield code="y">PP</subfield>
  </datafield>
  <datafield tag="952" ind1=" " ind2=" ">
    <subfield code="0">0</subfield>
    <subfield code="2">ddc</subfield>
    <subfield code="4">0</subfield>
    <subfield code="7">0</subfield>
    <subfield code="a">HEM</subfield>
    <subfield code="b">HEM</subfield>
    <subfield code="c">CART</subfield>
    <subfield code="d">2021-07-14</subfield>
    <subfield code="g">10.00</subfield>
    <subfield code="o">Rev.Univ/N&#xB0;117/1959/e.2</subfield>
    <subfield code="p">REVC000176</subfield>
    <subfield code="r">2021-07-14</subfield>
    <subfield code="y">PP</subfield>
  </datafield>
  <datafield tag="952" ind1=" " ind2=" ">
    <subfield code="0">0</subfield>
    <subfield code="2">ddc</subfield>
    <subfield code="4">0</subfield>
    <subfield code="7">0</subfield>
    <subfield code="a">HEM</subfield>
    <subfield code="b">HEM</subfield>
    <subfield code="c">CART</subfield>
    <subfield code="d">2021-07-14</subfield>
    <subfield code="g">10.00</subfield>
    <subfield code="o">Rev.Univ/N&#xB0;117/1959/e.3</subfield>
    <subfield code="p">REVC000177</subfield>
    <subfield code="r">2021-07-14</subfield>
    <subfield code="y">PP</subfield>
  </datafield>
</record>
